Central Library OPAC University of Rajshahi

تزكتيموري ;; tiziktimuri / (Record no. 82018)

MARC details
000 -LEADER
fixed length control field 00656nam a2200205 4500
001 - CONTROL NUMBER
control field 82018
003 - CONTROL NUMBER IDENTIFIER
rucl marc code BD-RjUL
005 - DATE AND TIME OF LATEST TRANSACTION
control field 20231002110640.0
008 - FIXED-LENGTH DATA ELEMENTS--GENERAL INFORMATION
fixed length control field 231002s1965 p ||||| |||| 001 0 urd d
035 ## - SYSTEM CONTROL NUMBER
System control number (BD-RjUL)82018
040 ## - CATALOGING SOURCE
Original cataloging agency BD-RjUL
Language of cataloging eng
Transcribing agency BD-RjUL
041 ## - LANGUAGE CODE
Language code of text/sound track or separate title urd
082 ## - DEWEY DECIMAL CLASSIFICATION NUMBER
Edition number 23
Classification number 950.25
Author mark and year NAT 1965
100 10 - MAIN ENTRY--PERSONAL NAME
Personal name ندوي, سيد ابو الهاشم ;; Nadwi, Sayed Abu Al-Hashim
9 (RLIN) 9285
245 ## - TITLE STATEMENT
Title تزكتيموري ;; tiziktimuri /
Statement of responsibility, etc. سيد ابو الهاشم ندوي ;; Sayed Abu Al-Hashim Nadwi
260 ## - PUBLICATION, DISTRIBUTION, ETC. (IMPRINT)
Place of publication, distribution, etc. Lahore :
Name of publisher, distributor, etc. Sangmil pub,
Date of publication, distribution, etc. 1965
300 ## - PHYSICAL DESCRIPTION
Pagination 152 p. ;
Size 22 cm
650 ## - SUBJECT ADDED ENTRY--TOPICAL TERM
Topical term or geographic name as entry element History
Form subdivision Mogol
9 (RLIN) 9286
942 ## - ADDED ENTRY ELEMENTS (KOHA)
Source of classification or shelving scheme Dewey Decimal Classification
Koha item type Books
Holdings
Lost status Source of classification or shelving scheme Damaged status Not for loan Collection code Permanent Location Current Location Shelving location Date acquired Source of acquisition Cost, normal purchase price Total Checkouts Full call number Date last seen Copy number Koha item type
  Dewey Decimal Classification   Not For Loan Non-fiction Central Library, University of Rajshahi Central Library, University of Rajshahi Reading Room 22/09/1969 Book Centre, 4.50   U 950.25 NAT 1965 02/10/2023 C-1 Books